00668nam a2200205 a 450000100100000000500170001000800410002702000150006804000250008324500820010826000520019030000360024249000210027850000420029950400270034170000260036870000260039470000250042083000170044500003871820201002031340.0130419s1979 sp ac 000 0 spa d a8429714979 aDO-SdBNPbspacBNPHU00a¿Qué pasa con la sanidad? /cprólogo J. Artigas, J. Martí, H. Pardell. aBarcelona :bServeis de Cultura Popular,c1979. a96 p. :bils., retrs. ;c23 cm.1 aLa Ramblavno. 8 aIncluye notas al pie de las páginas aBibliografía : p. 951 aArtigas, J.,epról.1 aMartí, J.,epról.1 aPardel, H.,epról. 0aLa Ramblan8